Construccin̤ de paz Diseǫ de intervencin̤ en conflictos /

Bibliographic Details
Main Author: Conforti, Franco
Format: eBook
Language:Spanish
Published: Madrid: Dykinson, 2018
Subjects:
Online Access:Acceso restringido

MARC

LEADER 00000nam a22000007a 4500
005 20181110200729.0
007 cr|||| ||||
008 181110s2018 es |||||s|||| 00||0 spa d
020 |a 978-84-9148-827-9 
035 |a 22402 
040 |a vLex 
090 |c 8298  |d 8298 
100 1 |a Conforti, Franco 
245 1 0 |a Construccin̤ de paz  |h [Recurso electrn̤ico] :  |b Diseǫ de intervencin̤ en conflictos /  |c Franco Conforti 
256 |a Servicio en ln̕ea 
260 |a Madrid:  |b Dykinson,  |c 2018 
300 |a 1 recurso electrn̤ico 
500 |a En palabras de Johan Galtung tenemos entre manos un importante puente entre dos mundos muy diferentes en su discurso y accin̤: el proceso judicial y la mediacin̤ de conflictos. Para recorrer dicho puente se abre ante nosotros el abanico completo de intervenciones posibles ante cualquier conflicto desde las ADR. Condensa y sintetiza los elementos esenciales de la teora̕ de conflictos desde las vertientes individual, estructural y social. Lo hace adems̀ reflejando los aspectos ter̤icos en casos prc̀ticos que ayudan a ver con claridad el proceso. Definido el concepto fundamental de conflicto, dar ̀paso al anl̀isis de los mismos desde sus dos vertientes posibles, la dinm̀ica y la estt̀ica. En dicho anl̀isis deconstruye el conflicto examinando uno a uno sus elementos, da cabida al mundo de las emociones en la generacin̤ y resolucin̤ de los conflictos planteados, as ̕como subraya la importancia del reconocimiento esencial en todo el proceso. Para poder llegar a la otra parte de nuestro puente, con visin̤ eminentemente prc̀tica que brota de la experiencia, plantea en primer lugar el diseǫ de la intervencin̤ tanto desde lo macro en el campo judicial, como en lo micro al considerar los conflictos desde la vertiente individual. En ese camino recorre una a una todas las herramientas que las ADR ponen a nuestro alcance tanto a nivel individual, estructural como social. Cierra la exposicin̤ con una extensa exposicin̤ de casos prc̀ticos que reflejan todo lo expuesto a lo largo del volumen. 
650 0 4 |a Derecho Procesal  |z Espaą 
650 0 4 |a Arbitraje  |z Espaą 
740 0 |a vLex Libros (Servicio en ln̕ea) 
856 4 0 |u http://vlex.com/source/construccion-de-paz-dise-o-de-intervencion-en-conflictos-22402  |z Acceso restringido 
942 |c BOOK 
999 0 |a Procedural Law 
999 0 |a Arbitration